| 000 | 00659nam a2200181 a 4500 | ||
|---|---|---|---|
| 005 | 20140412111332.0 | ||
| 008 | 030325s19uu xx 00 eng d | ||
| 020 | _a978981019335 | ||
| 050 |
_aTR(GS 372.7 _bK582 2007 |
||
| 100 | _aKheong, Dr. Fong Ho | ||
| 245 |
_aMaths Homework 2B: _bmy pals are here! / _cDr. Fong Ho Kheong, Chelvi Ramakrishnan, Lau Pui Wah. |
||
| 250 | _a2nd | ||
| 260 |
_aMalaysia : _bTimes Media Private Limited, _c2007. |
||
| 300 | _a121p. ; ill. | ||
| 500 | _aContents: Mass--Picture Graphs--Numbers to 40--Multiplication--Division--Time--Numbers to 100--Money 1--Money 2 | ||
| 650 | _aMath--Juvenile literature | ||
| 999 |
_c104956 _d104956 |
||